000 00311nam a2200121 i 4500
001 bg
245 0 _aMetody izmorenija charakterstik termoelektriceskich materialov i preobrazovatelej.
260 _aMoska,
_c1974.
040 _cBPK
041 _apol
942 _cKS
008 s pl f |000 0 pol
999 _c18166
_d18166
856 _uhttp://koha.tu.koszalin.pl/cgi-bin/koha/opac-detail.pl?biblionumber=18166
_yKatalog online BPK